Artificios (Record no. 10775)

MARC details
000 -CABECERA
campo de control de longitud fija 01066nam a2200229 a 4500
001 - NÚMERO DE CONTROL
campo de control BRL_1968
005 - FECHA Y HORA DE LA ÚLTIMA TRANSACCIÓN
campo de control 20190320211444.0
008 - DATOS DE LONGITUD FIJA--INFORMACIÓN GENERAL
campo de control de longitud fija 010917s2015----mx-a######---#000-0#spa-#
020 ## - NÚMERO INTERNACIONAL ESTÁNDAR DEL LIBRO
Número Internacional Estándar del Libro 9786077612957
041 ## - CÓDIGO DE LENGUA
Código de lengua del texto/banda sonora o título independiente spa
044 ## - CÓDIGO DEL PAÍS DE LA ENTIDAD EDITORA/PRODUCTORA
Código MARC del país mx
050 #4 - SIGNATURA TOPOGRÁFICA DE LA BIBLIOTECA DEL CONGRESO
Número de clasificación NK7198
Número de documento/Ítem .A78 2015
245 10 - MENCIÓN DE TÍTULO
Título Artificios
Resto del título plata y diseño en México, 1880-2015.
260 ## - PUBLICACIÓN, DISTRIBUCIÓN, ETC.
Lugar de publicación, distribución, etc. México
Nombre del editor, distribuidor, etc. Fomento Cultural Banamex
Fecha de publicación, distribución, etc. 2015
300 ## - DESCRIPCIÓN FÍSICA
Extensión 430 p.
Otras características físicas il. a color
Dimensiones 32 cm.
Material acompañante/anejo cuadernillo con la lista de obra
500 ## - NOTA GENERAL
Nota general Incluye notas biográficas y lista de ilustraciones
500 ## - NOTA GENERAL
Nota general Incluye piezas de la colección Ruth D. Lechuga : p. 23, 25, 26 y 31
500 ## - NOTA GENERAL
Nota general Catálogo de la exposición realizada en el Palacio de Iturbide. Palacio de Cultura Banamex (Ciudad de México), 29 noviembre, 2012-26 mayo, 2013, en el Museo Amparo (Puebla, Pue.), 14 diciembre, 2013-17 febrero, 2014 y en el Centro de las Artes de San Agustín (Etla, Oaxaca), 22 marzo-15 junio, 2014
504 ## - NOTA DE BIBLIOGRAFÍA, ETC.
Nota de bibliografía, etc. Bibliografía : p. 417-420
650 14 - PUNTO DE ACCESO ADICIONAL DE MATERIA--TÉRMINO DE MATERIA
Término de materia o nombre geográfico como elemento de entrada Trabajos en plata
Subdivisión geográfica México
9 (RLIN) 2771
650 14 - PUNTO DE ACCESO ADICIONAL DE MATERIA--TÉRMINO DE MATERIA
Término de materia o nombre geográfico como elemento de entrada Platería
Subdivisión geográfica México
9 (RLIN) 3073
Holdings
Estado de retiro Estado de pérdida Estado dañado No para préstamo Localización permanente Ubicación/localización actual Fecha de adquisición Total de préstamos Signatura topográfica completa Código de barras Fecha visto por última vez Precio válido a partir de Tipo de ítem Koha
El ejemplar forma parte de la colección y puede ser consultado según las políticas vigentes.       Biblioteca Centro de Estudios Ruth D. Lechuga Biblioteca Centro de Estudios Ruth D. Lechuga 01/09/2017   NK7198 .A78 2015 00049 22/03/2019 22/03/2019 Libros